L'époque contemporaine. (Record no. 176277)

MARC details
000 -LEADER
campo de control de longitud fija 01001nam a2200289 i 4500
001 - NÚMERO DE CONTROL
campo de control 176277
003 - IDENTIFICADOR DE NÚMERO DE CONTROL
campo de control ES-MaACL
005 - FECHA Y HORA DE LA ÚLTIMA TRANSACCIÓN
campo de control 20250815004217.0
007 - CAMPO FIJO DE DESCRIPCIÓN FÍSICA--INFORMACIÓN GENERAL
campo de control de longitud fija t|
008 - DATOS DE LONGITUD FIJA--INFORMACIÓN GENERAL
campo de control de longitud fija 110104s1953 fr ||||1| fre d
080 ## - NÚMERO DE LA CLASIFICACIÓN DECIMAL UNIVERSAL
Número de la Clasificación Decimal Universal 930"18"
100 1# - ENTRADA PRINCIPAL--NOMBRE DE PERSONA
Nombre de persona Droz, Jacques (
Fechas asociadas al nombre 1909-1998)
9 (RLIN) 45673
245 12 - MENCIÓN DEL TÍTULO
Título L'époque contemporaine.
Número de parte o sección de la obra I,
Nombre de parte o sección de la obra Restaurations et révolutions (1815-1871) /
Mención de responsabilidad, etc. par Jacques Droz, Lucien Genet et Jean Vidalenc.
250 ## - MENCION DE EDICION
Mención de edición 1re éd.
260 ## - PUBLICACIÓN, DISTRIBUCIÓN, ETC.
Lugar de publicación, distribución, etc. Paris :
Nombre del editor, distribuidor, etc. Presses Universitaires de France,
Fecha de publicación, distribución, etc. 1953.
300 ## - DESCRIPCIÓN FÍSICA
Extensión XV, 657 p. ;
Dimensiones 20 cm.
490 1# - MENCIÓN DE SERIE
Mención de serie Clio, introducion aux études historiques ;
Designación de volumen o secuencia 9
500 ## - NOTA GENERAL
Nota general Índice.
504 ## - NOTA DE BIBLIOGRAFÍA, ETC.
Nota de bibliografía, etc. Bibliografía: p. XI-XV.
546 ## - NOTA DE IDIOMA
Nota de lengua/lenguaje Texto en francés.
650 #7 - PUNTO DE ACCESO ADICIONAL DE MATERIA--TÉRMINO DE MATERIA
Término de materia o nombre geográfico como elemento de entrada Historia contemporánea
Fuente del encabezamiento o término embne
9 (RLIN) 13393
700 1# - ENTRADA AGREGADA--NOMBRE PERSONAL
Nombre de persona Genet, Lucien.
9 (RLIN) 144590
700 1# - ENTRADA AGREGADA--NOMBRE PERSONAL
Nombre de persona Vidalenc, Jean.
9 (RLIN) 144591
830 00 - PUNTO DE ACCESO ADICIONAL DE SERIE-TÍTULO UNIFORME
Título uniforme Clio, introducion aux études historiques
Designación de volumen o secuencia 9
9 (RLIN) 190003
852 ## - LOCALIZACIÓN
Ubicación ES-MaACL
Número de control de estantería E-13924
Encuadernación Olim P-671
Holdings
Estatus retirado Estado de pérdida Estado de daño No para préstamo Biblioteca de origen Biblioteca actual Ubicación en estantería Fecha de adquisición Fuente de adquisición Total de préstamos Signatura topográfica completa Código de barras Visto por última vez Precio de reemplazo Tipo de ítem Koha
        Biblioteca del Ateneo de Madrid Biblioteca del Ateneo de Madrid Depósito 2 04/01/2011     E-13924 1185130 23/02/2023 23/02/2023 Libro impreso